Experimental physical chemistry : (Record no. 433)

MARC details
000 -LEADER
fixed length control field 00937nac a22002771i 4500
003 - CONTROL NUMBER IDENTIFIER
control field EG-ScBUE
005 - DATE AND TIME OF LATEST TRANSACTION
control field 20250727091103.0
008 - FIXED-LENGTH DATA ELEMENTS--GENERAL INFORMATION
fixed length control field 250717t1997 njua f 001 0 eng d
020 ## - INTERNATIONAL STANDARD BOOK NUMBER
International Standard Book Number 0136542034
020 ## - INTERNATIONAL STANDARD BOOK NUMBER
International Standard Book Number 9780136542032
040 ## - CATALOGING SOURCE
Original cataloging agency EG-ScBUE
Language of cataloging eng
Description conventions rda
Transcribing agency EG-ScBUE
Modifying agency EG-ScBUE
082 04 - DEWEY DECIMAL CLASSIFICATION NUMBER
Classification number 541.3078
Item number HAL
Edition number 22
100 1# - MAIN ENTRY--PERSONAL NAME
Personal name Halpern, Arthur M.,
Relator term author.
245 10 - TITLE STATEMENT
Title Experimental physical chemistry :
Remainder of title a laboratory textbook /
Statement of responsibility, etc Arthur M. Halpern, Indiana State University.
250 ## - EDITION STATEMENT
Edition statement Second edition.
264 #1 - PUBLICATION, DISTRIBUTION, ETC. (IMPRINT)
Place of publication, distribution, etc Upper Saddle River, New Jersey :
Name of publisher, distributor, etc Prentice Hall,
Date of publication, distribution, etc [1997]
264 #4 - PUBLICATION, DISTRIBUTION, ETC. (IMPRINT)
Date of publication, distribution, etc c1997
300 ## - PHYSICAL DESCRIPTION
Extent xviii, 605 pages :
Other physical details illustrations ;
Dimensions 28 cm
336 ## - CONTENT TYPE
Source rdacontent
Content type term text
Content type code txt
337 ## - MEDIA TYPE
Media type term unmediated
Source rdamedia
Media type code n
338 ## - CARRIER TYPE
Carrier type term volume
Carrier type code nc
Source rdacarrier
500 ## - GENERAL NOTE
General note Includes index.<br/>
650 #7 - SUBJECT ADDED ENTRY--TOPICAL TERM
Topical term or geographic name as entry element Chemistry, Physical and theoretical
General subdivision Laboratory manuals.
Source of heading or term BUEsh
655 ## - INDEX TERM--GENRE/FORM
Form subdivision Reading book
942 ## - ADDED ENTRY ELEMENTS (KOHA)
Koha item type Book - Borrowing
Source of classification or shelving scheme Dewey Decimal Classification
Holdings
Withdrawn status Lost status Source of classification or shelving scheme Damaged status Not for loan Collection code Home library Current library Shelving location Date acquired Source of acquisition Total Checkouts Full call number Barcode Date last seen Koha item type
    Dewey Decimal Classification     Baccah Central Library Central Library First floor 09/05/2006 Purchase 1 541.3078 HAL 000004192 15/07/2025 Book - Borrowing